<?xml version="1.0" encoding="UTF-8"?>
<record
    xmlns:xsi="http://www.w3.org/2001/XMLSchema-instance"
    xsi:schemaLocation="http://www.loc.gov/MARC21/slim http://www.loc.gov/standards/marcxml/schema/MARC21slim.xsd"
    xmlns="http://www.loc.gov/MARC21/slim">

  <leader>01137nam a22002775i 4500</leader>
  <controlfield tag="001">157480</controlfield>
  <controlfield tag="003">ES-MaACL</controlfield>
  <controlfield tag="005">20250721193131.0</controlfield>
  <controlfield tag="008">021022s1878    it           |||| | ita d</controlfield>
  <datafield tag="040" ind1=" " ind2=" ">
    <subfield code="a">CCPB | B </subfield>
    <subfield code="b">spa </subfield>
    <subfield code="c">CCPB | B</subfield>
  </datafield>
  <datafield tag="100" ind1="1" ind2=" ">
    <subfield code="a">Leidesdorf, Massimiliano.</subfield>
    <subfield code="9">128858</subfield>
  </datafield>
  <datafield tag="245" ind1="1" ind2="0">
    <subfield code="a">Trattato delle malattie mentali / </subfield>
    <subfield code="c">del dott. Massimiliano Leidesdorf ; tradusse liberamente dal tedesco ... il dott. Francesco barone Ungern Sternberg.</subfield>
  </datafield>
  <datafield tag="250" ind1=" " ind2=" ">
    <subfield code="a">Ed. originale italiana ... / dal dott. Maurizio Schiff.</subfield>
  </datafield>
  <datafield tag="260" ind1=" " ind2=" ">
    <subfield code="a">Roma [etc.] : </subfield>
    <subfield code="b">Ermanno Loescher, </subfield>
    <subfield code="c">1878 (</subfield>
    <subfield code="e">Torino : </subfield>
    <subfield code="f">Tip. V. Bona)</subfield>
  </datafield>
  <datafield tag="300" ind1=" " ind2=" ">
    <subfield code="a">VI, [2], 712 p. ; </subfield>
    <subfield code="c">20 cm.</subfield>
  </datafield>
  <datafield tag="490" ind1="1" ind2=" ">
    <subfield code="a">Biblioteca dello studente e del medico pratico ; </subfield>
    <subfield code="v">12</subfield>
  </datafield>
  <datafield tag="650" ind1=" " ind2="7">
    <subfield code="a">Enfermedades mentales</subfield>
    <subfield code="2">embne</subfield>
    <subfield code="9">12263</subfield>
  </datafield>
  <datafield tag="700" ind1="1" ind2="1">
    <subfield code="a">Schiff, Maurizio, </subfield>
    <subfield code="e">ed. lit.</subfield>
    <subfield code="9">132545</subfield>
  </datafield>
  <datafield tag="700" ind1="2" ind2="1">
    <subfield code="a">Ungern Sternberg, Frank </subfield>
    <subfield code="c">, Bar&#xF3;n, </subfield>
    <subfield code="e">trad.</subfield>
    <subfield code="9">133448</subfield>
  </datafield>
  <datafield tag="752" ind1=" " ind2=" ">
    <subfield code="a">Italia - </subfield>
    <subfield code="d">Roma</subfield>
  </datafield>
  <datafield tag="752" ind1=" " ind2=" ">
    <subfield code="a">Italia - </subfield>
    <subfield code="d">Tur&#xED;n</subfield>
  </datafield>
  <datafield tag="830" ind1="0" ind2=" ">
    <subfield code="a">Biblioteca dello studente e del medico pratico ; </subfield>
    <subfield code="v">12</subfield>
    <subfield code="9">221792</subfield>
  </datafield>
  <datafield tag="852" ind1=" " ind2=" ">
    <subfield code="a">ES-MaACL</subfield>
    <subfield code="j">F-12510 </subfield>
    <subfield code="z">-- Enc. pasta</subfield>
  </datafield>
  <datafield tag="999" ind1=" " ind2=" ">
    <subfield code="c">157480</subfield>
    <subfield code="d">157480</subfield>
  </datafield>
  <datafield tag="952" ind1=" " ind2=" ">
    <subfield code="0">0</subfield>
    <subfield code="1">0</subfield>
    <subfield code="4">0</subfield>
    <subfield code="7">0</subfield>
    <subfield code="8">LIBXIX</subfield>
    <subfield code="a">ATENEOM</subfield>
    <subfield code="b">ATENEOM</subfield>
    <subfield code="c">SPP2</subfield>
    <subfield code="d">2008-01-17</subfield>
    <subfield code="e">SSC</subfield>
    <subfield code="l">0</subfield>
    <subfield code="o">F-12510</subfield>
    <subfield code="p">1164798</subfield>
    <subfield code="r">2023-02-23 00:00:00</subfield>
    <subfield code="w">2023-02-23</subfield>
    <subfield code="y">MONANT</subfield>
  </datafield>
</record>
